| 000 | 01077 a2200277 4500 | ||
|---|---|---|---|
| 003 | Nust | ||
| 005 | 20220415103023.0 | ||
| 010 | _a 92020153 | ||
| 020 | _a0520079639 (alk. paper) | ||
| 020 | _a0520079647 (pbk. : alk. paper) | ||
| 038 | _aMuhammad Ibrahim | ||
| 040 | _cNust | ||
| 082 | 0 | 0 |
_a355.02 _bCHA 1994 |
| 245 | 1 | 4 |
_aThe art of war in world history : _bfrom antiquity to the nuclear age _c[compiled by] Geard Chaliand. |
| 260 |
_aBerkeley : _bUniversity of California Press, _c[c1994] |
||
| 300 |
_axxix, 1072 p. : _bmaps ; _c24 cm. |
||
| 505 | _aLimited Wars in The West (page-501) The Age of Total Wars (Page-629) The Nuclear Era (Page-991) | ||
| 538 | _aAlmirah No.52, Shelf No.3 | ||
| 563 | _aH.B | ||
| 650 | 0 |
_aMilitary art and science _xHistory. |
|
| 650 | 0 | _aMilitary history. | |
| 700 | 1 |
_aChaliand, GℲard, _d1934- _990972 |
|
| 856 | 4 | 2 |
_3Contributor biographical information _uhttp://www.loc.gov/catdir/bios/ucal051/92020153.html |
| 856 | 4 | 2 |
_3Publisher description _uhttp://www.loc.gov/catdir/description/ucal041/92020153.html |
| 942 |
_2ddc _cBK |
||
| 999 |
_c589172 _d589172 |
||